Approximation theory
Na minha lista:
| Autor principal: | |
|---|---|
| Formato: | Livro |
| Idioma: | inglês |
| Publicado em: |
Nueva York
Marcel Dekker
1992
|
| Colecção: | Lecture notes in pure and applied mathematics, 138
|
| Assuntos: | |
| Tags: |
Adicionar Tag
Sem tags, seja o primeiro a adicionar uma tag!
|
MARC
| LEADER | 00000nam a2200000 a 4500 | ||
|---|---|---|---|
| 001 | UCW1792 | ||
| 003 | CL-VaPUC | ||
| 005 | 20220315074409.0 | ||
| 008 | 930908e19920000us 1 eng d | ||
| 082 | 0 | 4 | |a 511.4 |b ANA |2 21 |
| 100 | 1 | |a Anastassiou, George A |e author |9 616704 | |
| 245 | 1 | 0 | |a Approximation theory |
| 260 | |a Nueva York |b Marcel Dekker |c 1992 | ||
| 300 | |a 524 p | ||
| 490 | 0 | |a Lecture notes in pure and applied mathematics, 138 | |
| 583 | |a last modification |c 19930908 00:00:00 |k Rodrigo Vera | ||
| 650 | 0 | 7 | |a TEORIA DE LA APROXIMACION |2 CL-VaPUC |9 424215 |
| 650 | 0 | 0 | |a Congresos |9 257560 |
| 942 | |c BK | ||
| 945 | |d 19930908 00:00:00 | ||
| 546 | |a En Inglés | ||
| 518 | |p Southeastern Approximation Theorists Annual Conference, 6, Memphis, Tennessee, 1991 | ||
| 999 | |c 382073 |d 382071 | ||
| 952 | |0 0 |1 0 |4 0 |6 511_400000000000000_ANA_1992 |7 0 |8 A |9 503572 |a BIBMAT |b BIBMAT |d 2020-01-23 |i 2695731 |o 511.4 ANA 1992 |p 2695731 |r 2025-01-07 |w 2020-01-23 |y BK |k MAT | ||